000
00294nam a22001337a 4500
008
170724b xxu||||| |||| 00| 0 eng d
020
_a
0805806180
041
_a
eng
080
_a
004
100
_a
29
101
_a
SHK
245
_a
EDITING FOR TODAY'S NEWSROOM
_c
STEPP,C.S
942
_2
udc
_c
BK
999
_c
21824
_d
21824